The Cult of Dionysus Lyrics / The Orion Experience - Statistics

General Stats
  • This quiz has been taken 12 times
  • The average score is 280 of 329
Answer Stats
Answer % Correct
A
100%
Above!
100%
Above
100%
And
100%
A-you
100%
Be
100%
Cult
100%
Dionysus.
100%
Dionysus!
100%
Feel
100%
Glamorous!
100%
Gods
100%
Gone
100%
Got
100%
Has
100%
Heard
100%
I
100%
Me
100%
Of
100%
Say
100%
So
100%
That
100%
The
100%
Think
100%
Thinking,
100%
Way
100%
We
100%
We'll
100%
Yes
100%
Yesterday
100%
You
100%
Your
100%
Away.
88%
Away,
88%
Away!
88%
Away
88%
Decision,
88%
Devious,
88%
Devious.
88%
Devious
88%
Devious!
88%
Envy
88%
Feeling
88%
For
88%
Get
88%
Hand
88%
Hand-
88%
-hand
88%
I'm
88%
In
88%
-in-
88%
Is
88%
It
88%
Let's
88%
Life
88%
Lookin
88%
Lust
88%
Make
88%
Mischievous
88%
Mischievous!
88%
New
88%
Polyamorous.
88%
Polyamorous!
88%
Religion.
88%
Sad
88%
Sad!)
88%
Sad..
88%
Similar
88%
Start
88%
That's
88%
(That's
88%
To
88%
Vices
88%
Vices,
88%
Welcome
88%
When
88%
Wine
88%
Women
88%
Wonderful
88%
Abandon
75%
Always!
75%
Are
75%
Beautiful
75%
Build
75%
Can
75%
Could
75%
Do
75%
Enough!
75%
Flowers
75%
Free
75%
Games
75%
Gonna
75%
Holiday
75%
Hours,
75%
How
75%
It's
75%
(It's
75%
Just
75%
Love!
75%
Love
75%
Making
75%
May
75%
Month
75%
Much
75%
My
75%
NEVER
75%
No
75%
Or
75%
Our
75%
People
75%
Play
75%
Play.
75%
Pray!
75%
Run
75%
Secret
75%
Society
75%
Take
75%
Tears
75%
Temple
75%
This
75%
Those
75%
Time
75%
Today?
75%
Too
75%
Want!
75%
Wash
75%
We're
75%
What
75%
Wicked
75%
Wild
75%
With
75%
World
75%
Yeah,
75%
Yeah!
75%
Yeah
75%
Young
75%
You're
75%
Dances
63%
Fields
63%
I'll
63%
Nymphs
63%
Pass
63%
They
63%
Trances
63%
Wars
63%
We've
63%
Greed
50%
Ideology
50%
Pain
50%
Waste
50%
Across
38%
Everybody
38%
Everywhere
38%
Looking
38%
Message
38%
Mission
38%
Spread
38%
Word
38%
By
25%
Ecstacy
25%
Hope
25%
One
25%
Soon
25%
Band
0%
Orjiastic
0%
No matching quizzes found
Score Distribution
Percent of People with Each Score
Percentile by Number Answered
Your Score History
You have not taken this quiz